01160naa#a2200169#i#4500001001600000005001700016011001400033100004100047102000700088200020000095210035000295215001000645608004500655675021800700700005200918856002000970RU\\bibl\12065120260416165448.4##a2409-1073##a20240620b2024####ek#y0rusy0150####ca##aRU1#aПроблемы и противоречия модернизации социального бытия в западноевропейской культуреeЖурнальная статья1#aМоскваcФедеральное государственное автономное образовательное учреждение высшего образования Национальный исследовательский университет "Московский институт электронной техники"d2024##a0 с.##aЖурнальная статья2local##aФилософия. Психология. 1aСоциальные изменения в глобальных обществах. Социальное развитие. Социология развития. 316.42#1aКальнейgМарина Сергеевна4#aesgi-journal.ru